Regierungssystem und Regierungslehre: Fragestellungen, Analysekonzepte und Forschungsstand eines Kernbereichs der Politikwissenschaft
| Beteiligte: | ; |
|---|---|
| Medienart: | Druck Buch |
| Sprache: | Deutsch |
| Veröffentlicht: |
Opladen
Leske und Budrich
1989
|
| In: | Jahr: 1989 |
| Online-Zugang: |
Cover Cover Inhaltsverzeichnis |
| Verfügbarkeit prüfen: | HBZ Gateway |
| Subito Bestelldienst: | Jetzt bestellen. |
| Bände / Aufsätze: | Bände / Aufsätze anzeigen. |
| Schlagwörter: |
MARC
| LEADER | 00000cam a2200000 c 4500 | ||
|---|---|---|---|
| 001 | 027023524 | ||
| 003 | DE-627 | ||
| 005 | 20260206202743.0 | ||
| 007 | tu | ||
| 008 | 890620s1989 gw ||||| 00| ||ger c | ||
| 015 | |a 87,N41,0133 |2 dnb | ||
| 015 | |a 87,N41,0133 |2 dnb | ||
| 016 | 7 | |a 871161745 |2 DE-101 | |
| 020 | |a 3810006440 |9 3-8100-0644-0 | ||
| 035 | |a (DE-627)027023524 | ||
| 035 | |a (DE-603)009171290 | ||
| 035 | |a (DE-576)013292455 | ||
| 035 | |a (DE-599)GBV027023524 | ||
| 035 | |a (OCoLC)612405360 | ||
| 035 | |a (JUB)b10605101 | ||
| 040 | |a DE-627 |b ger |c DE-627 |e rakwb | ||
| 041 | |a ger | ||
| 044 | |c XA-DE | ||
| 050 | 0 | |a JN3971.A2 | |
| 082 | 0 | |a 320.943 | |
| 084 | |a 16 |2 sdnb | ||
| 084 | |a 16 |2 sdnb | ||
| 084 | |a 3,6 |2 ssgn | ||
| 084 | |a MG 15000 |2 rvk |0 (DE-625)rvk/122818:12034 | ||
| 084 | |a ME 1000 |2 rvk |0 (DE-625)rvk/122575: | ||
| 084 | |a MF 6000 |2 rvk |0 (DE-625)rvk/122758: | ||
| 084 | |a 89.30 |2 bkl | ||
| 245 | 0 | 0 | |a Regierungssystem und Regierungslehre |b Fragestellungen, Analysekonzepte und Forschungsstand eines Kernbereichs der Politikwissenschaft |c Stephan von Bandemer ... (Hrsg.). Mit Beitr. von Ulrich von Alemann ... |
| 264 | 1 | |a Opladen |b Leske und Budrich |c 1989 | |
| 300 | |a 350 S |b Ill., graph. Darst |c 23 cm | ||
| 336 | |a Text |b txt |2 rdacontent | ||
| 337 | |a ohne Hilfsmittel zu benutzen |b n |2 rdamedia | ||
| 338 | |a Band |b nc |2 rdacarrier | ||
| 500 | |a Literaturverz. S. 307 - 350 | ||
| 650 | 0 | 7 | |0 (DE-588)4046584-6 |0 (DE-627)106197576 |0 (DE-576)209070137 |a Politisches System |2 gnd |
| 650 | 4 | |a Politologie | |
| 650 | 4 | |a Regierungssystem | |
| 650 | 4 | |a Staatslehre | |
| 650 | 4 | |a Sozialstruktur | |
| 650 | 4 | |a Lehre, Kommunalpolitik, Medienpolitik, Regierung, Staatstheorie, Ökologie | |
| 651 | 7 | |0 (DE-588)4011889-7 |0 (DE-627)104732423 |0 (DE-576)208896201 |a Deutschland |g Bundesrepublik |2 gnd | |
| 653 | 0 | |a a |a Germany (West) |a Politics and government | |
| 653 | 0 | |a a |a Germany (West) |a Politics and government |a Study and teaching | |
| 655 | 7 | |a Aufsatzsammlung |0 (DE-588)4143413-4 |0 (DE-627)105605727 |0 (DE-576)209726091 |2 gnd-content | |
| 689 | 0 | 0 | |d g |0 (DE-588)4011889-7 |0 (DE-627)104732423 |0 (DE-576)208896201 |a Deutschland |g Bundesrepublik |2 gnd |
| 689 | 0 | 1 | |d s |0 (DE-588)4046584-6 |0 (DE-627)106197576 |0 (DE-576)209070137 |a Politisches System |2 gnd |
| 689 | 0 | |5 DE-101 | |
| 700 | 1 | |a Bandemer, Stephan von |d 1957- |e Hrsg. |0 (DE-588)171160029 |0 (DE-627)06133216X |0 (DE-576)13197629X |4 edt | |
| 700 | 1 | |a Alemann, Ulrich von |d 1944- |0 (DE-588)11556294X |0 (DE-627)077330900 |0 (DE-576)160050391 |4 oth | |
| 856 | 4 | 2 | |u http://d-nb.info/871161745/04 |m V:DE-603 |q application/pdf |v 20130501 |x Verlag |3 Inhaltsverzeichnis |7 1 |
| 856 | 4 | 2 | |u https://swbplus.bsz-bw.de/bsz013292455cov.jpg |m V:DE-576 |m X:springer |q image/jpeg |v 20140212102209 |3 Cover |7 1 |
| 856 | 4 | 2 | |u http://scans.hebis.de/HEBCGI/show.pl?00917129_toc.pdf |m V:DE-603;B:DE-17 |q application/pdf |3 Inhaltsverzeichnis |7 1 |
| 856 | 4 | 2 | |u http://scans.hebis.de/HEBCGI/show.pl?00917129_cov.jpg |m V:DE-576;X:springer |q image/jpeg |3 Cover |7 1 |
| 935 | |i Blocktest | ||
| 936 | r | v | |a MG 15000 |b Allgemeines |k Politologie |k Politische Systeme einzelner Länder |k Europa, Nordamerika |k Westeuropa, Mitteleuropa |k Bundesrepublik Deutschland |k Bundesrepublik Deutschland |k Politisches System (insgesamt) |k Allgemeines |0 (DE-627)1271070650 |0 (DE-625)rvk/122818:12034 |0 (DE-576)201070650 |
| 936 | r | v | |a ME 1000 |b Allgemeines. Begriff des Politischen Systems. Comparative Politics. |k Politologie |k Politische Systeme: Allgemeines und Vergleich |k Allgemeines. Begriff des Politischen Systems. Comparative Politics. |0 (DE-627)127142665X |0 (DE-625)rvk/122575: |0 (DE-576)20142665X |
| 936 | r | v | |a MF 6000 |b Allgemeines |k Politologie |k Politische Systeme: einzelne Elemente |k Regierung |k Allgemeines |0 (DE-627)127142942X |0 (DE-625)rvk/122758: |0 (DE-576)20142942X |
| 936 | b | k | |a 89.30 |j Politische Systeme: Allgemeines |0 (DE-627)106413848 |
| 936 | s | n | |a m100 |2 mzub |
| 951 | |a BO | ||
| ELC | |b 1 | ||
| LOK | |0 000 xxxxxcx a22 zn 4500 | ||
| LOK | |0 001 3274088501 | ||
| LOK | |0 003 DE-627 | ||
| LOK | |0 004 027023524 | ||
| LOK | |0 005 20141121105808 | ||
| LOK | |0 008 141121||||||||||||||||ger||||||| | ||
| LOK | |0 040 |a DE-21-110 |c DE-627 |d DE-21-110 | ||
| LOK | |0 852 |z Kein Bestand am IfK; Nachweis für KrimDok | ||
| LOK | |0 852 |a DE-21-110 | ||
| LOK | |0 852 1 |m v |9 00 | ||
| LOK | |0 935 |a k110 | ||
| LOK | |0 938 |k v | ||
| LOK | |0 939 |a 21-11-14 |b l01 | ||
| ORI | |a SA-MARC-krimdoka001.raw | ||
| SPR | |a 1 |t KRI | ||
| TIM | |a 100019490523_100019901002 |b 1949-05-23 - 1990-10-02 | ||
